Wrestlers by Picture 13: Women of the 2000's - Statistics

General Stats
  • This quiz has been taken 65 times
  • The average score is 10 of 16
Answer Stats
Picture Answer % Correct
Lita
97%
Trish Stratus
97%
Beth Phoenix
86%
Mickie James
84%
Awesome Kong
83%
Gail Kim
79%
Michelle McCool
72%
Melina
59%
Victoria
57%
Jazz
47%
Layla El
47%
Daffney
38%
ODB
34%
Angelina Love
29%
Velvet Sky
26%
Traci Brooks
19%
No matching quizzes found
Score Distribution
Percent of People with Each Score
Percentile by Number Answered
Your Score History
You have not taken this quiz